Building strong brands

Bibliographic Details
Main Author: Aaker, David A. (Author)
Format: Book
Language:English
Published: London : Free Press Bussiness , c2002
Subjects:

MARC

LEADER 00000cam a2200000 7i4500
001 0000054708
005 20090209093000.0
008 080117s2002 -uk eng
020 |a 0743232135 
020 |a 9780743232135 
090 0 0 |a HD69.B7   |b A216 2002 
100 1 |a Aaker, David A. ,   |e author 
245 1 0 |a Building strong brands   |c David A. Aaker 
260 |a London :   |b Free Press Bussiness ,   |c c2002 
300 |a vii, 380 p. :   |b ill. ;   |c 24 cm. 
505 0 |a 1. What is Strong Brand? -- 2. The Saturn Story -- 3. The Brand Indentity System -- 4. Organizational Associations -- 5. Brand Personality -- 6. Identity Implementation -- 7. Brand Strategies Over Time -- 8. Managing Brand Systems -- 9. Leveraging the Brand -- 10. Measuring Brand Equity Across Products & Markets -- 11. Organizing for Brand Building 
650 0 |a Brand name products   |x Management 
650 0 |a Business names   |x Management 
999 |a 1000116261   |b Book   |c OPEN SHELF (30 DAYS)   |e Gong Badak Campus